| 000 | 01057nmm a2200301 a 4500 | ||
|---|---|---|---|
| 001 | ocm000924529 | ||
| 003 | TR-IsHL | ||
| 005 | 20201028145335.0 | ||
| 008 | 150110s2013 tu tur | ||
| 007 | cr cn | ||
| 020 | _a9786055261344 | ||
| 035 |
_a924529 _b(N$T) |
||
| 050 | 0 | 4 |
_aBS2900.B2 _bT8 2013 |
| 090 | 0 | 4 |
_aBS2900.B2 _bT8 2013 |
| 245 | 1 | 0 |
_aBarnabas incili _h[electronic resource] / _cİngilizceden çeviren Mehmet Yıldız |
| 260 |
_aİstanbul : _bBilge Kültür Sanat, _c2013 |
||
| 300 | _a305 p. | ||
| 650 | 4 | _aFelsefe, Psikoloji ve Din | |
| 650 | 4 | _aPhilosophy, Psychology and Religion | |
| 650 | 0 | _aBarnabas,Apostle, Saint. | |
| 650 | 0 | _aEpistle of Barnabas. | |
| 650 | 0 |
_aChurch history _xPrimitive and early church, ca. 30-600. |
|
| 650 | 0 | _aBarnabas mektup. | |
| 650 | 0 | _aKilise tarihi - İlkel ve erken kilise, ca. 30-600. | |
| 650 | 7 |
_aRELIGION / Christian Church / History _2bisacsh |
|
| 700 | 1 | _aYıldız, Mehmet | |
| 856 | 4 | 0 | _uhttp://search.ebscohost.com/login.aspx?direct=true&scope=site&db=e011xww&AN=924529 |
| 999 |
_c9900 _d9900 |
||